Campeones League of Legends 2024 - Estadísticas

Estadísticas generales
  • Esta prueba ha sido intentada 352 veces
  • La puntuación promedio es 106 de 169
Estadísticas de respuestas
Campeones % Correcto
Vi
91%
Aatrox
90%
Lux
89%
Garen
88%
Darius
87%
Lee Sin
87%
Ahri
85%
Caitlyn
83%
Jinx
83%
Yasuo
83%
Akali
80%
Ashe
80%
Teemo
80%
Zed
80%
Annie
79%
Blitzcrank
79%
Nautilus
79%
Viktor
78%
Lulu
77%
Yone
77%
Ekko
76%
Ezreal
76%
Miss Fortune
76%
Alistar
75%
Kai'Sa
75%
Leona
75%
Warwick
75%
Azir
74%
Viego
74%
Volibear
74%
Jayce
73%
Morgana
73%
Amumu
72%
Braum
72%
Heimerdinger
72%
Anivia
71%
Aurelion Sol
71%
Tristana
71%
Veigar
71%
Aphelios
70%
Irelia
70%
Katarina
70%
Mordekaiser
70%
Sion
70%
Lucian
69%
Vayne
69%
Jhin
68%
Orianna
68%
Renekton
68%
Seraphine
68%
Thresh
68%
Zac
68%
Draven
67%
Senna
67%
Dr. Mundo
66%
Jarvan IV
66%
Kalista
66%
Leblanc
66%
Ornn
66%
Vel'Koz
66%
Xayah
66%
Xerath
66%
Cho'Gath
65%
Jax
65%
Nasus
65%
Sejuani
65%
Varus
65%
Ambessa
64%
Diana
64%
Kayle
64%
Malphite
64%
Rakan
64%
Sett
64%
Sylas
64%
Xin Zhao
64%
Bardo
63%
Fizz
63%
Kayn
63%
Sivir
63%
Brand
62%
Fiora
61%
Galio
61%
Graves
61%
Maestro Yi
61%
Poppy
61%
Rek'Sai
61%
Samira
61%
Singed
61%
Soraka
61%
Swain
61%
Urgot
61%
Yuumi
61%
Cassiopeia
60%
Fiddlesticks
60%
Gnar
60%
Nami
60%
Pyke
60%
Shen
60%
Sona
60%
Corki
59%
Elise
59%
Gangplank
59%
Gragas
59%
Kog'Maw
59%
Nunu y Willump
59%
Syndra
59%
Tryndamere
59%
Twisted Fate
59%
Ziggs
59%
Zyra
59%
Camille
57%
Nidalee
57%
Rengar
57%
Talon
57%
Kassadin
56%
Kha'Zix
56%
K'Sante
56%
Lissandra
56%
Qiyana
56%
Shaco
56%
Bel'Veth
55%
Hecarim
55%
Illaoi
55%
Ivern
55%
Janna
55%
Malzahar
55%
Pantheon
55%
Quinn
55%
Rammus
55%
Riven
55%
Rumble
55%
Yorick
55%
Zilean
55%
Evelynn
54%
Kennen
54%
Akshan
53%
Karma
53%
Karthus
53%
Ryze
53%
Maokai
52%
Naafiri
52%
Neeko
52%
Taric
52%
Trundle
52%
Zeri
52%
Rell
51%
Vladimir
51%
Tahm Kench
50%
Gwen
49%
Nocturne
49%
Skarner
49%
Twitch
49%
Udyr
49%
Shyvana
48%
Aurora
47%
Kindred
47%
Milio
47%
Taliyah
47%
Wukong
47%
Lillia
46%
Olaf
46%
Renata Glasc
45%
Smolder
45%
Briar
44%
Kled
43%
Vex
43%
Hwei
42%
Nilah
41%
Zoey
28%
No se encontraron pruebas coincidentes
Distribución de puntuación
Porcentaje de gente con cada puntuación
Porcentaje por número respondido
Historial de tus puntuaciones
No has intentado esta prueba.